|
|
|
|
| LEADER |
00892nam a22002532a 4500 |
| 001 |
001704020 |
| 003 |
CZ BrMZK |
| 005 |
20190827192831.0 |
| 007 |
ta |
| 008 |
190827s1991 xo a er|||||||||||slo d |
| 040 |
|
|
|a ABA001
|b cze
|c ABA001
|d ABA001
|d BOA001
|
| 041 |
1 |
|
|a slo
|a eng
|h slo
|
| 080 |
9 |
|
|a 792.021/.024(437.6)"1980/1990"(081)=854
|
| 080 |
9 |
|
|a 792.9(437.6)"1980/1990"(081)=854
|
| 245 |
0 |
0 |
|a Mladá slovenská scénografia :
|b kostýmová a bábkárska tvorba /
|c zost. Ivan Lacika, Vlasta Vaculová
|
| 260 |
|
|
|a Bratislava :
|b Národ. divadel. centrum,
|c 1991
|
| 300 |
|
|
|a 47 s. :
|b il.
|
| 546 |
|
|
|a Souběžný anglický text
|
| 700 |
1 |
|
|a Lacika, Ivan,
|d 1943-
|7 jn20000603628
|4 com
|
| 700 |
1 |
|
|a Vaculová, Vlasta
|4 com
|
| 910 |
|
|
|a BOA001
|b X2-0977.653
|
| 990 |
|
|
|a BK
|
| 991 |
|
|
|b 201908
|
| 996 |
6 |
|
|b 2618820144
|c X2-0977.653
|l MZK
|r Sklad / do 24 hodin
|n 0
|w 001750998
|u 000010
|a 1
|e BOA001
|j MZK50
|s P
|